Flag of the Countries in the Caucasus - Statistics

General Stats
  • This quiz has been taken 36 times
  • The average score is 6 of 7
Answer Stats
Picture Answer % Correct
Georgia
100%
Armenia
97%
Turkey
94%
Russia
91%
Azerbaijan
82%
South Ossetia
53%
Abkhazia
50%
No matching quizzes found
Score Distribution
Percent of People with Each Score
Percentile by Number Answered
Your Score History
You have not taken this quiz